Risk versus Anomaly: (Record no. 3781)
[ view plain ]
| 000 -LEADER | |
|---|---|
| fixed length control field | 00652nam a2200181 4500 |
| 008 - FIXED-LENGTH DATA ELEMENTS--GENERAL INFORMATION | |
| fixed length control field | 160809b xxu||||| |||| 00| 0 eng d |
| 022 ## - INTERNATIONAL STANDARD SERIAL NUMBER | |
| International Standard Serial Number | 00014826 |
| 082 ## - DEWEY DECIMAL CLASSIFICATION NUMBER | |
| Classification number | DPer 657.05 Ac27 Sept 2015 V. 90 no. 5 |
| 100 ## - MAIN ENTRY--PERSONAL NAME | |
| 9 (RLIN) | 12591 |
| Personal name | Ohlson, James A. |
| 243 ## - COLLECTIVE UNIFORM TITLE | |
| Unifor title | <a href="The accounting review">The accounting review</a> |
| 245 ## - TITLE STATEMENT | |
| Title | Risk versus Anomaly: |
| Remainder of title | A New Methodology Applied to Accruals/ |
| Statement of responsibility, etc. | James A. Ohlson, and Pawel Bilinski. |
| 260 ## - PUBLICATION, DISTRIBUTION, ETC. (IMPRINT) | |
| Place of publication, distribution, etc. | Sarasota, Florida: |
| Name of publisher, distributor, etc. | American Accounting Association, |
| Date of publication, distribution, etc. | ©2015. |
| 300 ## - PHYSICAL DESCRIPTION | |
| Extent | V90 n5, pages 2057-2077; |
| Dimensions | 26 cm. |
| 500 ## - GENERAL NOTE | |
| General note | The Accounting Review |
| 650 #0 - SUBJECT ADDED ENTRY--TOPICAL TERM | |
| 9 (RLIN) | 12592 |
| Topical term or geographic name as entry element | Risk |
| 700 ## - ADDED ENTRY--PERSONAL NAME | |
| 9 (RLIN) | 12593 |
| Personal name | Bilinski, Pawel |
| Relator term | Author |
| 942 ## - ADDED ENTRY ELEMENTS (KOHA) | |
| Source of classification or shelving scheme | Dewey Decimal Classification |
| Koha item type | Periodicals |
| Withdrawn status | Lost status | Source of classification or shelving scheme | Damaged status | Not for loan | Collection code | Home library | Current library | Date acquired | Total Checkouts | Full call number | Date last seen | Price effective from | Koha item type | Public note |
|---|---|---|---|---|---|---|---|---|---|---|---|---|---|---|
| Dewey Decimal Classification | Periodicals | UM Digos College - LIC | UM Digos College - LIC | 08/09/2016 | DPer 657.05 Ac27 Sept 2015 V. 90 no. 5 | 08/09/2016 | 08/09/2016 | Periodicals | Periodical article |
